Just dance 2023 - Statistics

General Stats
  • This quiz has been taken 50 times
  • The average score is 21 of 37
Answer Stats
artist Song % Correct
BTS Dynamite
81%
Olivia Rodrigo Drivers License
78%
Imagine Dragons radioactive
72%
Clean bandit ft Jess Glynne rather be
72%
The Kid laroi and Justin Bieber stay
72%
Britney Spears toxic
72%
Harry Styles as it was
69%
Evanescence Bring me to life
69%
Justin Timberlake Can't stop the feeling
69%
Linkin park Numb
67%
Ava max sweet but psycho
67%
Glass Animals Heat waves
64%
k/DA ft Madison Beer. G-idle, lexie Liu, Seraphine More
64%
K/DA ft Madison Beer, G(idle, lexie lu, jarita burns More
64%
Dua Lipa Physical
64%
Billie Eilish therefore i am
64%
Red velvet psycho
61%
Itzy wannabe
61%
Doja cat Woman
61%
taylor Swift I knew you were trouble
58%
Bruno Mars Locked out of Heaven
58%
Zara larsson Love me land
58%
Apashe Majesty
56%
RuPaul Sissy that walk
56%
Apashe ft Alina pash witch
56%
Ava Max Million Dollar Baby
53%
The Just dancers if you wanna party
50%
Bea miller Playground
50%
CliQ ft ms Banks and Alika Anything i do
47%
top culture/ Katrina and the waves walking on sunshine
47%
Major Lazer ft busy signal Watch out for this
47%
Electric Six Danger high Voltage
44%
sangiovanni FarFalle
44%
the Trammps Disco Inferno
39%
the Beach Boys Wouldn't it be nice
39%
K3 Vleugels
31%
Naniwa Danshi Ubu Love
22%
No matching quizzes found
Score Distribution
Percent of People with Each Score
Percentile by Number Answered
Your Score History
You have not taken this quiz